| 000 | 00625aam a2200253 4500 | ||
|---|---|---|---|
| 005 | 20250825115419.0 | ||
| 008 | 150427b xxu||||| |||| 00| 0 spa d | ||
| 020 | _a9789968318303 | ||
| 041 | _aESP | ||
| 082 | _aCR 861.44 S161d | ||
| 100 | _aSalaverry, Arabella | ||
| 245 | _aDonde estás Puerto Limón | ||
| 260 | _aCosta Rica | ||
| 260 | _bEUNED | ||
| 260 | _c2011 | ||
| 300 | _a124 páginas | ||
| 490 | _aTEMÁTICA GENERAL | ||
| 650 | _aTEMÁTICA GENERAL | ||
| 650 | _aPOESÍA COSTARRICENSE | ||
| 650 | _aLITERATURA COSTARRICENSE | ||
| 650 | _aPUERTO LIMÓN | ||
| 650 | _aCOSTA RICA | ||
| 942 |
_cLIT _2ddc |
||
| 999 |
_c3238 _d3238 |
||